Posúdenie práčovne z hľadiska bezpečnosti a dopadov na životné prostredie

Na minha lista:
Detalhes bibliográficos
Autor principal: Štefanovičová, Michaela (Author)
Outros Autores: Balog, Karol (Thesis advisor)
Formato: Manuscrito Livro
Idioma:eslovaco
Publicado em: 2016
Assuntos:
Acesso em linha:http://is.stuba.sk/zp/portal_zp.pl?podrobnosti=132056
Tags: Adicionar Tag
Sem tags, seja o primeiro a adicionar uma tag!

MARC

LEADER 00000ntm a22000003a 4500
001 stuzp57775
003 SK-STU
005 20160719155346.9
007 ta
008 150427s2015----xo-----f-mn---000-0-slo-d
040 |a STU  |b slo 
041 0 |a slo 
100 1 |a Štefanovičová, Michaela  |u 065000  |4 aut  |U MTF Materiálovotechnologická fakulta  |T MTF Ústav integrovanej bezpečnosti  |X 71896  |U M5000  |Y 85  |7 71896 
242 0 1 |a Reviewing of laundry in term of safety and impacts on the environment  |y eng 
245 1 0 |a Posúdenie práčovne z hľadiska bezpečnosti a dopadov na životné prostredie 
260 |c 2016 
650 4 |a práčovňa  |2 slo 
650 4 |a odpadové vody  |2 slo 
650 4 |a osobné ochranné prostriedky  |2 slo 
650 4 |a kontrolný list  |2 slo 
650 4 |a laundry  |2 eng 
650 4 |a waste water  |2 eng 
650 4 |a personal protective equipment  |2 eng 
650 4 |a check list  |2 eng 
700 1 |a Balog, Karol  |u 065000  |k Z1  |4 ths  |U MTF Materiálovotechnologická fakulta  |T MTF Ústav integrovanej bezpečnosti  |X 243  |U M5000  |Y 85  |7 A000000243 
856 4 |u http://is.stuba.sk/zp/portal_zp.pl?podrobnosti=132056 
996 |c M* BP-7524  |l MMSKP  |s P  |a 0  |w stuzp57775_0001 
SQL |a stuzp57775  |b DBP  |c SLO  |d Posúdenie práčovne z hľadiska bezpečnosti a dopadov na životné prostredie  |e 71896  |f Štefanovičová, Michaela  |g 065000  |h 243  |i Balog, Karol  |j 20160621  |k 1486  |l 06  |m http://is.stuba.sk/zp/portal_zp.pl?podrobnosti=132056  |n B-IBE  |o 8.3.5. bezpečnosť a ochrana zdravia pri práci